Vybrané otázky ohodnocovania komerčných bánk – význam FCFE a možnosti jeho kvantifikácie

Východiská ohodnocovania bánk. Možnosti vyjadrenia FCFE v bankách a vo finančných inštitúciách.

Guardado en:
Detalles Bibliográficos
Autor principal: Horvátová, Eva, 1958-
Otros Autores: Kurej, František, 1961-
Formato: Capítulo de libro
Lenguaje:eslovaco
Materias:
Etiquetas: Agregar Etiqueta
Sin Etiquetas, Sea el primero en etiquetar este registro!

MARC

LEADER 00000nla a2200000 4500
001 0157361
005 20240521110220.6
041 0 |a slo 
044 |a SK 
245 1 0 |a Vybrané otázky ohodnocovania komerčných bánk – význam FCFE a možnosti jeho kvantifikácie  |c Eva Horvátová, František Kurej 
520 |a Východiská ohodnocovania bánk. Možnosti vyjadrenia FCFE v bankách a vo finančných inštitúciách. 
610 2 0 |a banky obchodné 
610 2 0 |a oceňovanie 
610 2 0 |a inštitúcie finančné 
610 2 0 |a hodnota 
610 2 0 |a podnikanie 
610 2 0 |a bankovníctvo 
100 1 |a Horvátová, Eva, 1958- 
700 1 |a Kurej, František, 1961-